| 000 | 00644nam a2200205 i 4500 | ||
|---|---|---|---|
| 001 | 124580 | ||
| 003 | ES-MaACL | ||
| 005 | 20250813062630.0 | ||
| 007 | t| | ||
| 008 | 070330s1945 sp ||||1| spa d | ||
| 100 | 1 |
_aVilhem, Thomsen. _9114860 |
|
| 245 | 1 | 0 |
_aHistoria de la lingüística / _cGuillermo Thomsen ; prólogo, versión y epílogo de Javier de Echave-Sustaeta. |
| 260 |
_aBarcelona : _bLabor, _c[1945] |
||
| 300 |
_a168 p. : _bil. ; _c17 cm. |
||
| 490 | 1 |
_aColección Labor ; _v418 |
|
| 700 | 1 |
_aEchave-Sustaeta, J. _9161187 |
|
| 830 | 0 | 0 |
_aColección Labor _v418 _9184254 |
| 852 |
_aES-MaACL _jE-2878 |
||
| 999 |
_c124580 _d124580 |
||